000 00347nam a2200145Ia 4500
008 230718s9999 xx 000 0 und d
041 _aEng.
082 _a342.7
_bKHA-C
100 _aKhakhar,M Anwar
245 0 _aCorporate law decision 2004
260 _aPakistan
_bPakistan Law Decision
_c2004
300 _a706
650 _aLaw
999 _c27561
_d27561